header

British rail, 1974-97 (Record no. 21196)

MARC details
000 -LEADER
fixed length control field 01381nam a2200313Ia 4500
100 1# - MAIN ENTRY--AUTHOR NAME
Personal name Gourvish, T. R.
245 10 - TITLE STATEMENT
Title British rail, 1974-97
260 ## - PUBLICATION, DISTRIBUTION, ETC. (IMPRINT)
Place of publication Oxford ;
-- New York :
Name of publisher Oxford University Press,
Year of publication 2002.
300 ## - PHYSICAL DESCRIPTION
Number of Pages xxix, 705 p., [32] p. of plates :
Other physical details ill., maps.
650 #0 - SUBJECT ADDED ENTRY--TOPICAL TERM
Topical Term Railroads and state
Topical Term Privatization
700 1# - ADDED ENTRY--PERSONAL NAME
Personal name Anson, Mike.
856 40 - ELECTRONIC LOCATION AND ACCESS
Uniform Resource Identifier http://site.ebrary.com/lib/rucke/Doc?id=10272906

No items available.

© 2026 Rongo University
Contact us: librarian | system librarian | Rongo university